000 00751nam a22001697a 4500
003 NUST
082 _a621.382,AWA
100 _aAwan, Majid
_9132997
245 _aAntenna Array for Early Detection Of Breast Cancer Tumor /
_cMajid Awan, Ali Hassan, Mumtaz Ali, Mohsin Khan and Abdullah (BETE-54 /TCC-29)
260 _aRawalpindi
_bMCS (NUST)
_cJuly, 2021
300 _a51 p.;
505 _aIntroduction (Page-1), Literature Review (Page-14), Antenna Design (Page-27), Array Antenna Design (Page-32), Measurement and Results (Page-41), Future Work and Conclusion (Page-50), References (Page-51).
650 _aUg Project
_9131132
651 _a(BETE-54 /TCC-29)
_9132912
700 _aSupervised by Dr. Farooq Ahmed Bhatti
_9132495
942 _2ddc
_cPR
999 _c615971
_d615971